LEADER 01039nam0-22003371i-450- 001 990006899240403321 005 20001010 010 $a88-348-8166-4 035 $a000689924 035 $aFED01000689924 035 $a(Aleph)000689924FED01 035 $a000689924 100 $a20001010d--------km-y0itay50------ba 101 0 $aita 105 $ay-------001yy 200 1 $a<>aziende sanitarie pubbliche$eprofilo economico-aziendale modello contabile e problematiche di bilancio$fMichele A. Rea. 210 $aTorino$cGiappichelli$d1998. 215 $a342 p.$d24 cm 225 1 $aazienda. Serie Aziendale$v8 225 1 $aCollana di Studi e ricerche sul sistema 610 0 $aUnitą sanitarie locali - Gestione finanziaria 676 $a362.11068 700 1$aRea,$bMichele A.$0374007 801 0$aIT$bUNINA$gRICA$2UNIMARC 901 $aBK 912 $a990006899240403321 952 $aCOLLEZ. 1668 (8)$b35255$fFSPBC 959 $aFSPBC 996 $aAziende sanitarie pubbliche$9466514 997 $aUNINA DB $aGEN01 LEADER 01018nam a2200253 i 4500 001 991001239879707536 008 051004s2005 it 000 0 ita d 020 $a8834854284 035 $ab13341650-39ule_inst 040 $aDip.to Studi Giuridici$bita 082 0 $a344.4501125 245 00$aFlessibilitą dei tempi di lavoro e prospettive di conciliazione /$ca cura di Luisa Galantino 260 $aTorino :$bGiappichelli,$c2005 300 $axii, 158 p. ;$c24 cm 650 4$aContratti di lavoro a termine$xLegislazione 650 4$aLavoro temporaneo$xLegislazione 650 4$aRapporti di lavoro$xFlessibilitą$xDiritto 700 1 $aGalantino, Luisa 907 $a.b13341650$b02-04-14$c04-10-05 912 $a991001239879707536 945 $aLE027 344.45 GAL01.05$g1$i2027000109104$lle027$o-$pE18.50$q-$rl$sm $t0$u0$v0$w0$x0$y.i14132485$z04-10-05 996 $aFlessibilitą dei tempi di lavoro e prospettive di conciliazione$968447 997 $aUNISALENTO 998 $ale027$b04-10-05$cm$da $e-$fita$git $h0$i0 LEADER 02545nam 22004333u 450 001 9910782511103321 005 20230207225838.0 035 $a(CKB)1000000000688686 035 $a(EBL)318672 035 $a(OCoLC)476114018 035 $a(MiAaPQ)EBC318672 035 $a(EXLCZ)991000000000688686 100 $a20130418d2007|||| u|| | 101 0 $aeng 135 $aur|n|---||||| 200 10$aPolitics in Context$b[electronic resource] $eAssimilation and Conflict in Urban Neighborhoods 210 $aNew York $cAlgora Publishing$d2007 215 $a1 online resource (200 p.) 300 $aDescription based upon print version of record. 311 $a0-87586-068-0 327 $aCONTENTS; Acknowledgments; 1 . An Introduction to Politics in Context; 2 . Assimilation and Conflict in Urban Contexts; 3 . Contextual Constraints on Friendship Choice; 4. Individual and Contextual Bases of Partisan Attachment; 5 . The Contextual Basis for Ethnic Politics; 6 . Neighborhood Influences on White Flightand Residential Satisfaction; 7 . The Social Context of Political Participation; 8 . Assimilation, Conflict. and the Mechanismsof Contextual Influence; 9 . Assimilation. Conflict. and Tipping Points; 10 . Conclusions and Consequences; Appendix A: The Data Base for This Study 327 $aAppendix B: Methodological Pitfalls and GoalsAppendix C: The Model of Friendship Choice; Appendix D: The Model; Notes; References; Index 330 $aPolitical opinions and the behavior of individuals cannot be explained apart from the environments within which they occur. Individual characteristics alone do not determine political actions and opinions. Rather, political behavior must be understood in terms of the actor's relationship to the environment, and the environmental factors that impinge on individual choice. (From the Introduction) ""The central argument of this book is that neighborhood social contexts have important political consequences, not only for individual behavior but also for the political vitality of groups in the poli 606 $aNeighborhood 606 $aPolitical participation 606 $aSocial interaction 615 4$aNeighborhood. 615 4$aPolitical participation. 615 4$aSocial interaction. 676 $a307.3’362 676 $a307.3362 700 $aHuckfeldt$b Robert$0121310 801 0$bAU-PeEL 801 1$bAU-PeEL 801 2$bAU-PeEL 906 $aBOOK 912 $a9910782511103321 996 $aPolitics in Context$93716750 997 $aUNINA